<?xml version="1.0" encoding="UTF-8"?>
<marc:record xmlns:marc="http://www.loc.gov/MARC21/slim">
   <marc:leader>00000nam a2200000 a 4500</marc:leader>
   <marc:datafield ind1="1" ind2=" " tag="100">
      <marc:subfield code="a">Hartlieb, Gabriele</marc:subfield>
      <marc:subfield code="4">aut</marc:subfield>
      <marc:subfield code="e">Verfasser/-in</marc:subfield>
   </marc:datafield>
   <marc:datafield ind1=" " ind2=" " tag="653">
      <marc:subfield code="a">Taufe</marc:subfield>
   </marc:datafield>
   <marc:datafield ind1=" " ind2=" " tag="653">
      <marc:subfield code="a">Eltern</marc:subfield>
   </marc:datafield>
   <marc:datafield ind1=" " ind2=" " tag="653">
      <marc:subfield code="a">Ratgeber</marc:subfield>
   </marc:datafield>
   <marc:datafield ind1="0" ind2="0" tag="245">
      <marc:subfield code="a">Du bist uns anvertraut</marc:subfield>
   </marc:datafield>
   <marc:datafield ind1="0" ind2="0" tag="245">
      <marc:subfield code="b">warum wir unser Kind taufen lassen</marc:subfield>
   </marc:datafield>
   <marc:datafield ind1="0" ind2="0" tag="245">
      <marc:subfield code="c">Gabriele Hartlieb</marc:subfield>
   </marc:datafield>
   <marc:datafield ind1=" " ind2="1" tag="264">
      <marc:subfield code="a">Ostfildern</marc:subfield>
      <marc:subfield code="b">Patmos-Verl.</marc:subfield>
   </marc:datafield>
   <marc:datafield ind1="1" ind2=" " tag="520">
      <marc:subfield code="a">Angaben aus der Verlagsmeldung

Du bist uns anvertraut : Warum wir unser Kind taufen lassen / von Gabriele Hartlieb

Selbst Eltern, die keinen Kontakt mehr mit der Kirche haben, überlegen nach der Geburt ihres Babys, ob sie es nicht taufen lassen sollen. Dahinter steht die Erfahrung, dass sie das Kind nicht in jeder Situation beschützen können. Daher möchten sie diese Aufgabe "in größere Hände" legen. Dieses Buch zeigt Wege, wie man auch als "Kirchenferne" das Sakrament der Taufe wieder verstehen und deuten lernen kann, und ermutigt Eltern, in der Entscheidung zur Taufe eine "Starthilfe" für ihr Kind zu sehen. - Thema, das viele Eltern beschäftigt - mit Tipps und Impulsen, die bei der Entscheidung zur Taufe helfen können
</marc:subfield>
   </marc:datafield>
   <marc:datafield ind1=" " ind2=" " tag="020">
      <marc:subfield code="a">9783843600927</marc:subfield>
      <marc:subfield code="9">9783843600927</marc:subfield>
   </marc:datafield>
   <marc:datafield ind1=" " ind2=" " tag="020">
      <marc:subfield code="a">3843600929</marc:subfield>
      <marc:subfield code="9">3843600929</marc:subfield>
   </marc:datafield>
   <marc:datafield ind1=" " ind2=" " tag="041">
      <marc:subfield code="a">ger</marc:subfield>
   </marc:datafield>
   <marc:datafield ind1=" " ind2=" " tag="300">
      <marc:subfield code="a">91 S.</marc:subfield>
   </marc:datafield>
</marc:record>
